000
00374nam a2200133Ia 4500
008
100328s9999 xx 000 0 und d
082
_b
55034
100
_a
क्षेत्रमाडे सुमति
245
_a
शततारका
260
_b
बांदोडकर
630
_a
शततारका
730
_a
शततारका
942
_c
BOOK
999
_c
541735
_d
541732